[Event "La Perla op"]
[Site "Lugano"]
[Date "2000.03.10"]
[Round "3"]
[White "Mantovani, Renzo"]
[Black "Ramseier, Juerg"]
[Result "1-0"]
[WhiteElo "2415"]
[BlackElo "2055"]
[PlyCount "73"]
[EventDate "2000.03.09"]
[Source "www.chesslib.no"]
[SourceDate "2004.05.04"]

1. e4 c5 2. Nf3 d6 3. d4 cxd4 4. Nxd4 Nf6 5. Nc3 a6 6. Bc4 Qc7 7. Bb3 e5 8. Nde2 Be6 9. O-O Nbd7 10. Nd5 Nxd5 11. Bxd5 Be7 12. Nc3 O-O 13. Bb3 Nb6 14. Qh5 Rad8 15. Rd1 g6 16. Qh6 Bxb3 17. axb3 f5 18. exf5 Rxf5 19. Qd2 d5 20. Qe2 Bc5 21. Rf1 Kg7 22. Bd2 Rdf8 23. Nd1 Qc6 24. g4 R5f6 25. Qxe5 Nd7 26. Qg3 Rf3 27. Qh4 R8f7 28. Bh6+ Kg8 29. Qd8+ Rf8 30. Bxf8 Rxf8 31. Qg5 Bd6 32. Ne3 Nf6 33. Rad1 Bb8 34. Nxd5 Ne4 35. Ne7+ Kg7 36. Nxc6 Nxg5 37. Nxb8 1-0

[Event "Weihnachtsopen Masters"]
[Site "Zurigo SVI"]
[Date "2006.12.27"]
[Round "3"]
[White "Prill, D."]
[Black "Belezky, A."]
[Result "0-1"]
[WhiteElo "2059"]
[BlackElo "2390"]
[PlyCount "58"]
[EventDate "2006.12.26"]
[Source "www.chesslib.no"]
[SourceDate "2004.05.04"]

1. e4 c5 2. Nf3 d6 3. d4 cxd4 4. Nxd4 Nf6 5. Nc3 a6 6. Bc4 g6 7. f3 Bg7 8. Be3 b5 9. Bb3 Bb7 10. Qd2 Nbd7 11. h4 h5 12. Qf2 Rc8 13. O-O O-O 14. Rad1 Qc7 15. Rfe1 Nc5 16. Rd2 Nxb3 17. axb3 b4 18. Na4 Bxe4 19. fxe4 Nxe4 20. Qe2 Nxd2 21. Qxd2 e5 22. Nf3 Qxc2 23. Qxb4 d5 24. Bc5 Rfe8 25. Bd6 e4 26. Nd4 Qd3 27. Ne2 Rc2 28. Nf4 Qg3 29. Ne2 Bd4+ 0-1

[Event "Caracas Julio Bolbochan-mem"]
[Site "Caracas, Hermandad Gallega"]
[Date "1999.10.07"]
[Round "4"]
[White "Torres, Jose Arturo"]
[Black "Hernandez, Alexander"]
[Result "0-1"]
[WhiteElo "2215"]
[BlackElo "2229"]
[PlyCount "56"]
[EventDate "1999.10.04"]
[Source "www.chesslib.no"]
[SourceDate "2004.05.04"]

1. e4 c5 2. Nf3 d6 3. d4 cxd4 4. Nxd4 Nf6 5. Nc3 a6 6. Bc4 e5 7. Nf5 Bxf5 8. exf5 Nbd7 9. g4 h6 10. Be3 Qa5 11. Bb3 Rc8 12. Kf1 Rxc3 13. bxc3 Qxc3 14. h3 d5 15. Qe1 Qc6 16. Bd4 Bd6 17. f4 e4 18. Qf2 O-O 19. Rd1 Re8 20. Rg1 e3 21. Bxe3 Ne4 22. Qe2 Nc3 23. Qd3 Nxd1 24. Bd4 Qb5 25. c4 dxc4 26. Bxc4 Qb4 27. Kg2 Nb2 28. Bxb2 Qxb2+ 0-1

[Event "Bled op"]
[Site "Bled"]
[Date "2001.04.01"]
[Round "9"]
[White "Grilc, Andrej"]
[Black "Mazi, Leon"]
[Result "1/2-1/2"]
[WhiteElo "2044"]
[BlackElo "2397"]
[PlyCount "35"]
[EventDate "2001.03.24"]
[Source "ChessBase"]
[SourceDate "2001.05.06"]

1. e4 c5 2. Nf3 d6 3. d4 cxd4 4. Nxd4 Nf6 5. Nc3 a6 6. Bc4 b5 7. Bb3 Bb7 8. O-O Nbd7 9. f4 Nxe4 10. Nxe4 Bxe4 11. Qe2 d5 12. f5 g6 13. fxg6 Bxg6 14. Bxd5 Rc8 15. Kh1 Rc5 16. Bb3 Bg7 17. Be3 O-O 18. Rad1 1/2-1/2

[Event "XXI Open"]
[Site "Pola CRO"]
[Date "2007.06.23"]
[Round "1.25"]
[White "Gullaksen, Eirik T"]
[Black "Mrdjen, David"]
[Result "1-0"]
[WhiteElo "2412"]
[BlackElo "2029"]
[PlyCount "39"]
[EventDate "2007.06.23"]
[Source "www.chesslib.no"]
[SourceDate "2004.05.04"]

1. e4 c5 2. Nf3 d6 3. d4 cxd4 4. Nxd4 Nf6 5. Nc3 a6 6. Bc4 e5 7. Nf5 Be6 8. Qe2 Nc6 9. Bg5 Bxf5 10. exf5 Nd4 11. Qd3 Qa5 12. Bxf6 gxf6 13. O-O b5 14. Bb3 Rg8 15. Nd5 Be7 16. c3 Nc6 17. Nxe7 Nxe7 18. Qxd6 Rg7 19. Qxf6 O-O-O 20. Qxg7 1-0